Wird geladen...

SUGANDHI ENNA ANDAL DEVANAYAKI

Bibliographische Detailangaben
1. Verfasser: RAMAKRISHNAN T.D
Format: Printed Book
Sprache:English
Veröffentlicht: KOTAYAM DC BOOKS 2016
LEADER 00549nam a22001577a 4500
005 20190729162052.0
008 180706b ||||| |||| 00| 0 eng d
999 |c 169591  |d 169591 
020 |a 9788126452323 
040 |c DC BOOKS 
082 |a 894.8123  |b RAM/SU 
100 |d RAMAKRISHNAN T.D. 
245 |a SUGANDHI ENNA ANDAL DEVANAYAKI 
260 |a  KOTAYAM  |b DC BOOKS  |c 2016 
942 |2 ddc  |c BK 
952 |0 0  |1 0  |2 ddc  |4 0  |6 894_812300000000000_RAM_SU  |7 0  |9 174667  |a KAUCOAP  |b KAUCOAP  |d 2018-07-06  |l 6  |m 1  |o 894.8123 RAM/SU  |p KAU_COAP09816  |r 2019-05-30  |s 2019-04-12  |w 2018-07-06  |y BK